000
00277nam a22001217a 4500
020
_a
17-741017-5
082
_a
621.3 GRA'E
100
_a
GRAY, B. F
_9
78208
245
_a
ELECTRICAL ENGINEERING PRINCIPLES
260
_a
AUSTRALIA
_b
NELSON
_c
1970
300
_a
190P
942
_c
BK
999
_c
583367
_d
583367